| 000 | 01094cam a2200325 i 4500 | ||
|---|---|---|---|
| 999 |
_c200443791 _d62003 |
||
| 001 | 200443791 | ||
| 003 | TR-AnTOB | ||
| 005 | 20231221104706.0 | ||
| 007 | ta | ||
| 008 | 960306s1981 tu 000 0 tur d | ||
| 020 | _a9751601630 | ||
| 035 | _a(TR-AnTOB)200443791 | ||
| 040 |
_aT9K _beng _erda _cT9K _dTR-AnTOB |
||
| 041 | 0 | _atur | |
| 050 | 4 |
_aDR592.K4 _bA8372 1981 |
|
| 090 |
_aDR592.K4 _bA8372 1981 |
||
| 245 | 0 | 0 | _aAtatürk'ün ekonomik kalkınma politikası ve devlet işletmeciliği. |
| 264 | 1 |
_aİstanbul : _bİstanbul Üniversitesi, _c1981. |
|
| 300 |
_a122 pages ; _c24 cm |
||
| 336 |
_atext _btxt _2rdacontent |
||
| 337 |
_aunmediated _bn _2rdamedia |
||
| 338 |
_avolume _bnc _2rdacarrier |
||
| 500 | _aDevlet İşletmeciliği Enstitüsü tarafından 17 Nisan 1981 tarihinde İstanbul Üniversitesinde düzenlenen Konferans'ın bildirileri. | ||
| 600 | 1 | 0 |
_aAtatürk, Mustafa Kemal _d1881-1938 _920781 |
| 651 | 0 |
_aTürkiye _xEkonomik durum _980633 |
|
| 710 | 2 |
_aİstanbul Üniversitesi _981564 |
|
| 942 |
_2lcc _cBK |
||